[Event "Moscow op-A 13th"]
[Site "Moscow"]
[Date "2017.02.05"]
[Round "9"]
[White "Odeev, Handszar"]
[Black "Mashkov, Sergey"]
[Result "1-0"]
[WhiteElo "2397"]
[BlackElo "2309"]
[PlyCount "108"]
[EventDate "2017.01.28"]
[EventType "swiss"]
[EventRounds "9"]
[EventCountry "RUS"]
[SourceTitle "EXT 2018"]
[Source "ChessBase"]
[SourceDate "2017.10.13"]
[SourceVersion "1"]
[SourceVersionDate "2017.10.13"]
[SourceQuality "1"]

1. e4 e5 2. Nf3 Nc6 3. Bc4 Bc5 4. 0-0 Nf6 5. d3 d6 6. c3 0-0 7. a4 a6 8. Na3 Ba7 9. Nc2 Ne7 10. Bg5 Ng6 11. Nh4 Be6 12. Qf3 Bxc4 13. dxc4 h6 14. Bxf6 Nxh4 15. Bxh4 Qxh4 16. Ne3 g6 17. g3 Qg5 18. h4 Qd8 19. Rad1 c6 20. Ng4 Qe7 21. Qf6 Qxf6 22. Nxf6+ Kg7 23. Nd7 Rfd8 24. Rxd6 Bc5 25. Rd3 Bd4 26. cxd4 Rxd7 27. d5 f5 28. exf5 gxf5 29. Rfd1 e4 30. R3d2 c5 31. d6 Kf6 32. Rd5 Rad8 33. f3 exf3 34. Kf2 Ke6 35. Re1+ Kf6 36. Ree5 Rxd6 37. Rxf5+ Ke6 38. Rfe5+ Kf6 39. Rf5+ Ke6 40. Rxd6+ Rxd6 41. Rxc5 Rd2+ 42. Kxf3 Rxb2 43. Rh5 Rb4 44. Rxh6+ Ke5 45. c5 Rxa4 46. Rb6 Rc4 47. Rxb7 Rxc5 48. Ra7 a5 49. Kg4 Kf6 50. Ra6+ Kg7 51. h5 Rb5 52. Kh4 Rc5 53. g4 Rb5 54. Ra7+ Kf6 1-0

[Event "Moscow op-A 13th"]
[Site "Moscow"]
[Date "2017.02.01"]
[Round "5"]
[White "Mashkov, Sergey"]
[Black "Poliakov, Artem"]
[Result "1-0"]
[WhiteElo "2309"]
[BlackElo "2173"]
[PlyCount "45"]
[EventDate "2017.01.28"]
[EventType "swiss"]
[EventRounds "9"]
[EventCountry "RUS"]
[SourceTitle "EXT 2018"]
[Source "ChessBase"]
[SourceDate "2017.10.13"]
[SourceVersion "1"]
[SourceVersionDate "2017.10.13"]
[SourceQuality "1"]

1. e4 d6 2. d4 Nf6 3. Nc3 g6 4. g3 Bg7 5. Bg2 0-0 6. Nge2 e5 7. 0-0 exd4 8. Nxd4 Nc6 9. Nxc6 bxc6 10. Re1 Rb8 11. Rb1 c5 12. f3 Be6 13. Bg5 Qc8 14. Qd2 Re8 15. b3 Nd7 16. Kh1 Qa6 17. a4 Rb4 18. Be3 Reb8 19. f4 Nb6 20. Nb5 Rc8 21. c4 Nd7 22. Qc2 Qb7 23. h3 1-0

[Event "Moscow op-A 13th"]
[Site "Moscow"]
[Date "2017.01.31"]
[Round "4"]
[White "Pakhomov, Egor"]
[Black "Mashkov, Sergey"]
[Result "1-0"]
[WhiteElo "2473"]
[BlackElo "2309"]
[PlyCount "85"]
[EventDate "2017.01.28"]
[EventType "swiss"]
[EventRounds "9"]
[EventCountry "RUS"]
[SourceTitle "EXT 2018"]
[Source "ChessBase"]
[SourceDate "2017.10.13"]
[SourceVersion "1"]
[SourceVersionDate "2017.10.13"]
[SourceQuality "1"]

1. Nf3 Nf6 2. c4 g6 3. b3 Bg7 4. Bb2 0-0 5. g3 d6 6. Bg2 e5 7. 0-0 Re8 8. d3 Nbd7 9. Nc3 c6 10. e4 Nf8 11. d4 Qc7 12. d5 c5 13. Ne1 a6 14. Nd3 Rb8 15. a4 h5 16. Bc1 h4 17. a5 b5 18. axb6 Qxb6 19. Ra3 Qd8 20. Bd2 Kh7 21. Na2 N8d7 22. Ba5 Qe7 23. b4 Rh8 24. bxc5 Nxc5 25. Bd2 Ne8 26. Ra5 Bh6 27. Bxh6 Kxh6 28. Qc1+ Kh7 29. Nxc5 dxc5 30. Qa3 Nd6 31. Qxc5 Bb7 32. Qa3 hxg3 33. hxg3 Qc7 34. Rc1 Nxc4 35. Ra4 Nxa3 36. Rxc7 Nb5 37. Rxf7+ Kh6 38. Nb4 Nd4 39. Nd3 Bc8 40. Ra1 Re8 41. f4 exf4 42. gxf4 Rb3 43. Nf2 1-0

[Event "Moscow op-A 13th"]
[Site "Moscow"]
[Date "2017.01.29"]
[Round "2"]
[White "Spichkin, Alexander"]
[Black "Mashkov, Sergey"]
[Result "1/2-1/2"]
[WhiteElo "2143"]
[BlackElo "2309"]
[PlyCount "140"]
[EventDate "2017.01.28"]
[EventType "swiss"]
[EventRounds "9"]
[EventCountry "RUS"]
[SourceTitle "EXT 2018"]
[Source "ChessBase"]
[SourceDate "2017.10.13"]
[SourceVersion "1"]
[SourceVersionDate "2017.10.13"]
[SourceQuality "1"]

1. d4 Nf6 2. Bf4 g6 3. Nc3 d5 4. Qd2 Bf5 5. f3 h5 6. e3 Bg7 7. Bd3 Bxd3 8. Qxd3 c6 9. e4 e6 10. Nh3 Na6 11. Be5 Qb6 12. Ng5 Rg8 13. 0-0-0 Nd7 14. Bxg7 Rxg7 15. a3 0-0-0 16. h4 Nc7 17. exd5 cxd5 18. Rhe1 Qd6 19. Ne2 Nb6 20. g3 Nc4 21. Qb3 Kb8 22. f4 Rc8 23. Nc3 Qc6 24. Re2 Ne8 25. Nf3 f6 26. Rde1 Re7 27. Qb5 Qxb5 28. Nxb5 Ng7 29. Nd2 a6 30. Nc3 Nxd2 31. Rxd2 Nf5 32. Kd1 Kc7 33. Rd3 Kd6 34. Ne2 Rec7 35. c3 Ke7 36. Nc1 Kf7 37. Nb3 b6 38. Nd2 Ra8 39. Rh1 Ke7 40. Ke2 Kd6 41. Kf2 Rg7 42. Nf3 Kd7 43. Kg2 Nd6 44. Re3 Rc8 45. Rhe1 Ne4 46. R1e2 Rc6 47. Nd2 Nxd2 48. Rxd2 Rg8 49. Kf3 b5 50. Rde2 Rb8 51. Rg2 Ke7 52. g4 Kf7 53. gxh5 gxh5 54. Kf2 Rcc8 55. f5 exf5 56. Rf3 a5 57. Rxf5 b4 58. axb4 axb4 59. Rg3 bxc3 60. bxc3 Rb2+ 61. Kg1 Ra8 62. Rgf3 Ra1+ 63. Rf1 Rxf1+ 64. Kxf1 Ke6 65. Rxh5 Rc2 66. Ke1 Rxc3 67. Kd2 Ra3 68. Ke2 Rb3 69. Kd2 Rb5 70. Kd3 Rb3+ 1/2-1/2

[Event "Moscow op-A"]
[Site "Moscow"]
[Date "2016.02.03"]
[Round "5"]
[White "Kharchenko, Alexey"]
[Black "Mashkov, Sergey"]
[Result "1-0"]
[WhiteElo "2136"]
[BlackElo "2301"]
[PlyCount "97"]
[EventDate "2016.01.30"]
[EventType "swiss"]
[EventRounds "9"]
[EventCountry "RUS"]
[SourceTitle "CBM 170 Extra"]
[Source "ChessBase"]
[SourceDate "2016.02.25"]
[SourceVersion "1"]
[SourceVersionDate "2016.02.25"]
[SourceQuality "1"]

1. d4 Nf6 2. Nf3 g6 3. g3 Bg7 4. Bg2 0-0 5. c4 d6 6. Nc3 Nbd7 7. 0-0 e5 8. e4 Re8 9. h3 exd4 10. Nxd4 Nc5 11. Re1 a5 12. Ndb5 Be6 13. e5 dxe5 14. Qxd8 Rexd8 15. Nxc7 Nd3 16. Rd1 Rab8 17. Nxe6 fxe6 18. Bf1 Nxc1 19. Raxc1 Bh6 20. Rxd8+ Rxd8 21. Re1 Nd7 22. Rd1 Bg5 23. Ne4 Be7 24. c5 Nb8 25. Rxd8+ Bxd8 26. Bc4 Kf8 27. Bxe6 Be7 28. Bc8 Ke8 29. Bxb7 Kd8 30. Bd5 Na6 31. c6 Nb4 32. Nc3 Bc5 33. Be4 Bd4 34. Nb5 Na6 35. Nxd4 exd4 36. f3 Nc5 37. b3 Na6 38. Kf2 Nb4 39. a3 Na2 40. Ke1 Nc1 41. b4 axb4 42. axb4 Na2 43. b5 Kc7 44. Kd2 Nc3 45. Bd3 Nd5 46. Bc4 Ne3 47. Kd3 h5 48. Kxd4 Nf5+ 49. Kc5 1-0

[Event "Moscow op-A"]
[Site "Moscow"]
[Date "2016.02.01"]
[Round "3"]
[White "Tsydypov, Zhamsaran"]
[Black "Mashkov, Sergey"]
[Result "1/2-1/2"]
[WhiteElo "2420"]
[BlackElo "2301"]
[PlyCount "188"]
[EventDate "2016.01.30"]
[EventType "swiss"]
[EventRounds "9"]
[EventCountry "RUS"]
[SourceTitle "CBM 170 Extra"]
[Source "ChessBase"]
[SourceDate "2016.02.25"]
[SourceVersion "1"]
[SourceVersionDate "2016.02.25"]
[SourceQuality "1"]

1. e4 e5 2. Nf3 Nc6 3. Nc3 Nf6 4. Bb5 Nd4 5. Nxd4 exd4 6. e5 dxc3 7. exf6 Qxf6 8. dxc3 Qe5+ 9. Be2 Bc5 10. 0-0 0-0 11. Bd3 d5 12. Qf3 Bd6 13. g3 Be6 14. Bd2 Rfe8 15. Rfe1 Qf6 16. Qxf6 gxf6 17. Be3 Bg4 18. Kg2 Kg7 19. f3 Bd7 20. Re2 c5 21. Rd1 Rad8 22. Kf2 b6 23. Red2 Bc6 24. Bc4 dxc4 25. Rxd6 Rxd6 26. Rxd6 Re6 27. Bf4 Rxd6 28. Bxd6 Bd7 29. Ke3 Bf5 30. Kd2 h5 31. Bb8 a6 32. a4 Bd7 33. Ba7 Bxa4 34. Bxb6 Bc6 35. Ke3 Ba4 36. Bxc5 Bxc2 37. Kd4 Bb3 38. Bb6 Kg6 39. Ke4 Bd1 40. Kf4 f5 41. Bd8 Be2 42. Ke3 Bd1 43. f4 Bb3 44. Kd4 Ba2 45. Kc5 Bb3 46. Kb6 Kh7 47. Kxa6 Kg6 48. Kb5 Kh7 49. Kc5 Kg6 50. Kd5 Kh7 51. Bf6 Kg6 52. Bd8 Kh7 53. Bf6 Kg6 54. Bd4 Kh7 55. Kd6 Kg6 56. Ke7 Ba2 57. Kd6 Bb3 58. Kc5 Kh7 59. Kd6 Kg6 60. Ke5 Ba2 61. Be3 Bb3 62. Bd4 Ba2 63. h3 Bb3 64. Bc5 Ba2 65. Bf8 Bb3 66. Be7 Ba2 67. Bc5 Bb3 68. Be3 Ba2 69. Bd2 Bb3 70. Bc1 Ba2 71. b4 cxb3 72. Bb2 Bb1 73. c4 h4 74. gxh4 Kh5 75. Kd4 Kxh4 76. Kc3 Kxh3 77. Kxb3 Kg3 78. Be5 Kf3 79. Kb2 Be4 80. Kc3 Ke3 81. Kb4 Ba8 82. Kc5 Kd3 83. Bg7 Ke4 84. Bh6 Kd3 85. Bg5 Kc3 86. Bf6+ Kd3 87. Bb2 Ke3 88. Bc1+ Kd3 89. Kb5 Ke4 90. Kc5 Kd3 91. Bb2 Ke3 92. Be5 Kd3 93. Kb5 Ke4 94. Kc5 Kd3 1/2-1/2

[Event "Moscow op-A"]
[Site "Moscow"]
[Date "2016.01.31"]
[Round "2"]
[White "Mashkov, Sergey"]
[Black "Lutsenko, Alexander"]
[Result "1-0"]
[WhiteElo "2301"]
[BlackElo "2026"]
[PlyCount "109"]
[EventDate "2016.01.30"]
[EventType "swiss"]
[EventRounds "9"]
[EventCountry "RUS"]
[SourceTitle "CBM 170 Extra"]
[Source "ChessBase"]
[SourceDate "2016.02.25"]
[SourceVersion "1"]
[SourceVersionDate "2016.02.25"]
[SourceQuality "1"]

1. e4 e5 2. Nf3 Nc6 3. Bc4 Bc5 4. 0-0 Nf6 5. d4 exd4 6. e5 d5 7. exf6 dxc4 8. Re1+ Be6 9. fxg7 Rg8 10. Ng5 Qd5 11. Nc3 Qf5 12. Nce4 0-0-0 13. g4 Qe5 14. Nxe6 fxe6 15. Bh6 d3 16. c3 Be7 17. Qf3 Qd5 18. Qf7 Rde8 19. Rad1 Ne5 20. Qf4 Kb8 21. Re3 Ng6 22. Qf7 Ne5 23. Qh5 Ng6 24. b3 Qxh5 25. gxh5 Nh4 26. Ng3 Bd6 27. Re4 Bxg3 28. hxg3 Nf5 29. Bf4 Nxg7 30. h6 Nf5 31. bxc4 Rg6 32. Rxd3 Kc8 33. Rd5 Rd8 34. Rxd8+ Kxd8 35. Re5 c6 36. Kf1 a6 37. Ke2 Ke7 38. Kf3 Kf7 39. c5 Rg8 40. Re1 Rd8 41. g4 Nh4+ 42. Ke4 Rd5 43. Rb1 Rxc5 44. Rxb7+ Kf6 45. g5+ Kg6 46. Rg7+ Kh5 47. Be3 Rxc3 48. Rxh7 Nf5 49. Rg7 Rc4+ 50. Kd3 Rh4 51. g6 Nxh6 52. Bxh6 Ra4 53. Be3 e5 54. Rg8 Ra5 55. Ke4 1-0

[Event "Moscow op-A"]
[Site "Moscow"]
[Date "2016.01.30"]
[Round "1"]
[White "Gordievsky, Dmitry"]
[Black "Mashkov, Sergey"]
[Result "1-0"]
[WhiteElo "2506"]
[BlackElo "2301"]
[PlyCount "67"]
[EventDate "2016.01.30"]
[EventType "swiss"]
[EventRounds "9"]
[EventCountry "RUS"]
[SourceTitle "CBM 170 Extra"]
[Source "ChessBase"]
[SourceDate "2016.02.25"]
[SourceVersion "1"]
[SourceVersionDate "2016.02.25"]
[SourceQuality "1"]

1. d4 Nf6 2. c4 g6 3. Nc3 Bg7 4. e4 d6 5. Be2 0-0 6. Bg5 c6 7. Nf3 Qe8 8. 0-0 a5 9. Re1 Nfd7 10. Bf1 e5 11. d5 f6 12. Be3 Qe7 13. dxc6 bxc6 14. Qd2 Re8 15. Nb5 d5 16. Nc7 dxe4 17. Ng5 fxg5 18. Nxa8 Bb7 19. Qxa5 Na6 20. Nb6 Ndc5 21. Rad1 Bf8 22. Qd2 Ne6 23. Qd7 Nb4 24. Qxe7 Rxe7 25. Bd2 Rf7 26. Rxe4 Nc5 27. Bxb4 Nxe4 28. Bxf8 Kxf8 29. Nd7+ Ke8 30. Nxe5 Rxf2 31. Re1 c5 32. Bd3 Rf4 33. g3 Rf5 34. Bxe4 1-0

[Event "Dvorkovich Memorial op"]
[Site "Taganrog"]
[Date "2015.01.21"]
[Round "4"]
[White "Mashkov, Sergey"]
[Black "Krivochkin, Ilya"]
[Result "1-0"]
[WhiteElo "2209"]
[BlackElo "1946"]
[PlyCount "85"]
[EventDate "2015.01.18"]
[EventType "swiss"]
[EventRounds "9"]
[EventCountry "RUS"]
[SourceTitle "CBM 164 Extra"]
[Source "ChessBase"]
[SourceDate "2015.03.02"]
[SourceVersion "1"]
[SourceVersionDate "2015.03.02"]
[SourceQuality "1"]

1. e4 e6 2. Nf3 d5 3. e5 c5 4. b4 cxb4 5. a3 Nc6 6. axb4 Bxb4 7. c3 Ba5 8. Ba3 Nge7 9. Bb5 a6 10. Bxe7 Kxe7 11. Bxc6 bxc6 12. Qa4 Bb6 13. Qxc6 Bd7 14. Qd6+ Ke8 15. Qb4 Qc7 16. 0-0 Qc5 17. Qg4 Kf8 18. Na3 h6 19. c4 dxc4 20. Nxc4 Bb5 21. Nxb6 Qxb6 22. Rfb1 Rd8 23. Rb4 Kg8 24. h4 Qc5 25. h5 Bd3 26. Rb7 Qc6 27. Qb4 Rd7 28. Rxd7 Qxd7 29. Qd6 Qb5 30. Rc1 Be4 31. Nd4 Qb2 32. Rc7 Qb1+ 33. Kh2 Qf1 34. f3 Qe1 35. Qe7 Kh7 36. fxe4 Qxe4 37. Nf3 Qf4+ 38. Kg1 Rb8 39. Qxf7 Qg3 40. Qg6+ Qxg6 41. hxg6+ Kxg6 42. Rc6 Ra8 43. Rxe6+ 1-0

[Event "Dvorkovich Memorial op"]
[Site "Taganrog"]
[Date "2015.01.20"]
[Round "3"]
[White "Volkov, Sergey"]
[Black "Mashkov, Sergey"]
[Result "1-0"]
[WhiteElo "2618"]
[BlackElo "2209"]
[PlyCount "71"]
[EventDate "2015.01.18"]
[EventType "swiss"]
[EventRounds "9"]
[EventCountry "RUS"]
[SourceTitle "CBM 164 Extra"]
[Source "ChessBase"]
[SourceDate "2015.03.02"]
[SourceVersion "1"]
[SourceVersionDate "2015.03.02"]
[SourceQuality "1"]

1. d4 Nf6 2. c4 g6 3. Nc3 Bg7 4. e4 d6 5. Be2 0-0 6. Nf3 e5 7. Be3 Ng4 8. Bg5 f6 9. Bh4 g5 10. Bg3 Nh6 11. c5 Nc6 12. cxd6 cxd6 13. dxe5 dxe5 14. Qb3+ Kh8 15. Rd1 Qe7 16. Nd5 Qf7 17. h3 Be6 18. Rd2 Rac8 19. Qd1 Qg6 20. Bd3 f5 21. exf5 Bxf5 22. Bb5 Rfe8 23. 0-0 a6 24. Bxc6 Rxc6 25. Re1 Be4 26. Nc3 Bxf3 27. Qxf3 Nf5 28. Rd7 Rb6 29. Nd5 Rxb2 30. Nc7 Nxg3 31. Nxe8 Qxe8 32. Qd5 Ne2+ 33. Rxe2 Rxe2 34. Rd8 Qf8 35. Rxf8+ Bxf8 36. Kf1 1-0

[Event "Kaluga Tsiolkovsky Memorial op"]
[Site "Kaluga"]
[Date "2013.08.05"]
[Round "3"]
[White "Demidov, Mikhail"]
[Black "Mashkov, Sergey"]
[Result "1-0"]
[WhiteElo "2465"]
[BlackElo "2169"]
[PlyCount "59"]
[EventDate "2013.08.03"]
[EventType "swiss"]
[EventRounds "9"]
[EventCountry "RUS"]
[SourceTitle "CBM 156 Extra"]
[Source "ChessBase"]
[SourceDate "2013.10.22"]
[SourceVersion "1"]
[SourceVersionDate "2013.10.22"]
[SourceQuality "1"]

1. d4 Nf6 2. Bg5 e6 3. Nd2 d5 4. e3 c5 5. c3 Nc6 6. Bd3 e5 7. Ne2 Qb6 8. 0-0 Be6 9. c4 cxd4 10. exd4 0-0-0 11. cxd5 Bxd5 12. Nc4 Bxc4 13. Bxc4 exd4 14. Bxf7 Kb8 15. Ng3 Bd6 16. Bb3 h6 17. Bd2 g5 18. Re1 Ne5 19. Nf5 Rhf8 20. Nxd6 Qxd6 21. f4 Neg4 22. h3 Ne3 23. Bxe3 dxe3 24. Qxd6+ Rxd6 25. fxg5 hxg5 26. Rxe3 Nh5 27. Rae1 Rd2 28. Re8+ Rxe8 29. Rxe8+ Kc7 30. Re5 1-0

[Event "Kaluga Tsiolkovsky Memorial op"]
[Site "Kaluga"]
[Date "2013.08.03"]
[Round "1"]
[White "Baroyan, Karen"]
[Black "Mashkov, Sergey"]
[Result "0-1"]
[WhiteElo "1792"]
[BlackElo "2169"]
[PlyCount "68"]
[EventDate "2013.08.03"]
[EventType "swiss"]
[EventRounds "9"]
[EventCountry "RUS"]
[SourceTitle "CBM 156 Extra"]
[Source "ChessBase"]
[SourceDate "2013.10.22"]
[SourceVersion "1"]
[SourceVersionDate "2013.10.22"]
[SourceQuality "1"]

1. Nf3 Nf6 2. b3 g6 3. Bb2 Bg7 4. e3 0-0 5. Be2 d6 6. 0-0 c5 7. c4 Nc6 8. d3 Qa5 9. Nbd2 Nh5 10. Qc1 Bxb2 11. Qxb2 Bd7 12. a3 f5 13. d4 Nf6 14. Rfd1 Rae8 15. d5 Nd8 16. b4 Qc7 17. b5 e5 18. dxe6 Nxe6 19. Rab1 b6 20. Nf1 f4 21. Rbc1 fxe3 22. Nxe3 Nf4 23. Bf1 Bc8 24. Qc2 Bb7 25. Ne1 Ne4 26. Nf3 Nh3+ 27. gxh3 Rxf3 28. Ng4 h5 29. Ne3 Rxf2 30. Qd3 d5 31. Bg2 d4 32. Nf1 Qf4 33. Ng3 Rxg2+ 34. Kxg2 Qf2+ 0-1

[Event "Astrakhan op"]
[Site "Astrakhan"]
[Date "2012.08.18"]
[Round "4"]
[White "Khoroshilov, Nikita"]
[Black "Mashkov, Sergey"]
[Result "0-1"]
[WhiteElo "2231"]
[BlackElo "2048"]
[PlyCount "96"]
[EventDate "2012.08.15"]
[EventType "swiss"]
[EventRounds "9"]
[EventCountry "RUS"]
[SourceTitle "CBM 150 Extra"]
[Source "ChessBase"]
[SourceDate "2012.10.19"]
[SourceVersion "1"]
[SourceVersionDate "2012.10.19"]
[SourceQuality "1"]

1. Nf3 Nf6 2. d3 Nc6 3. e4 e5 4. g3 d5 5. Nbd2 dxe4 6. dxe4 Bg4 7. h3 Bh5 8. Bg2 Qd7 9. 0-0 0-0-0 10. Re1 g5 11. c3 g4 12. hxg4 Qxg4 13. Qc2 Bg6 14. b4 Bd6 15. Nh4 Be7 16. Nc4 Qe6 17. Ne3 Nh5 18. Nhf5 Rhg8 19. Nd5 Bd6 20. Kh2 Kb8 21. Bh3 Bxf5 22. Bxf5 Qe8 23. Qe2 f6 24. Bg4 Nf4 25. gxf4 exf4 26. Bxf4 Bxf4+ 27. Nxf4 Qe5 28. Qf3 Qg5 29. Bh3 Ne5 30. Qe3 Qh4 31. Rg1 Ng4+ 32. Rxg4 Rxg4 33. Ng2 Qh5 34. Nf4 Qh4 35. Ng2 Qh5 36. Nf4 Qh6 37. Nd5 Qxe3 38. fxe3 Rxe4 39. Bg2 Re6 40. Rf1 c6 41. Rxf6 Re5 42. Nf4 Rxe3 43. c4 Ra3 44. b5 cxb5 45. cxb5 Rxa2 46. Rf7 Rg8 47. Rxh7 Kc8 48. Rxb7 Rf2 0-1

[Event "Astrakhan op"]
[Site "Astrakhan"]
[Date "2012.08.15"]
[Round "1"]
[White "Mashkov, Sergey"]
[Black "Mesnyankin, Nikita"]
[Result "1-0"]
[WhiteElo "2048"]
[BlackElo "1744"]
[PlyCount "69"]
[EventDate "2012.08.15"]
[EventType "swiss"]
[EventRounds "9"]
[EventCountry "RUS"]
[SourceTitle "CBM 150 Extra"]
[Source "ChessBase"]
[SourceDate "2012.10.19"]
[SourceVersion "1"]
[SourceVersionDate "2012.10.19"]
[SourceQuality "1"]

1. e4 e6 2. d3 d5 3. Nd2 Nf6 4. g3 c5 5. Bg2 Nc6 6. Ngf3 Qc7 7. 0-0 dxe4 8. Nxe4 Be7 9. Bf4 e5 10. Be3 Nxe4 11. dxe4 Be6 12. c3 Bc4 13. Re1 Rd8 14. Nd2 Bd3 15. Qg4 g6 16. f4 h5 17. Qf3 Qd7 18. Rad1 Qg4 19. Nf1 Qxf3 20. Bxf3 0-0 21. Bf2 Bxf1 22. Kxf1 Rxd1 23. Rxd1 Rd8 24. Rd5 exf4 25. Rxd8+ Nxd8 26. gxf4 Ne6 27. Be3 b5 28. Ke2 c4 29. e5 a5 30. Bc6 b4 31. Bd5 bxc3 32. bxc3 g5 33. fxg5 Bxg5 34. Bxe6 Bxe3 35. Bxf7+ 1-0